| 000 | 00348nam a22001337a 4500 | ||
|---|---|---|---|
| 008 | 190129b xxu||||| |||| 00| 0 eng d | ||
| 020 | _a9780871012937 | ||
| 041 | _aeng | ||
| 080 | _a316 | ||
| 100 | _a50 | ||
| 101 | _aSOC | ||
| 245 |
_aEthical Standards in Social Work A Critical Review of the NASW Code of Ethics _cReamer,F.G |
||
| 942 |
_2udc _cBK |
||
| 999 |
_c53845 _d53845 |
||